Statistics for movies described badly

Click here to take the quiz!

General Stats

  • This quiz has been taken 64 times
  • The average score is 5 of 13

Answer Stats

HintAnswer% Correct
an adulterous criminal stops at the quaint motel run by a shy man and his motherPsycho
60%
a man takes his wife and son on a trip to a beautiful mountain hotelThe Shining
60%
a teenager barely avoids sleeping with his motherBack to the Future
56%
a bunch of men yell at each other in a room for a while12 Angry Men
49%
a poor Cuban immigrant pulls himself up by his boot straps and succeeds in businessScarface
49%
a WWII veteran takes over his family's businessThe Godfather
45%
one man's ordinary life is turned on its head after taking a mysterious drugThe Matrix
45%
a billionaire hunts down and beats up a mentally ill manThe Dark Knight
44%
two siblings fall in with a criminal and fight their dadStar Wars
40%
after his wife is violently killed, a father must track down his kidnapped disabled childFinding Nemo
20%
three friends go on a hikeThe Blair Witch Project
18%
a young woman travels to a new country, commits manslaughter, then teams up with three strangers to kill againThe Wizard of Oz
15%
a man finds out his ex girlfriend's husband is actually a really good guyCasablanca
4%

Score Distribution

Percentile by Number Answered

Percent of People with Each Score

Your Score History

You have not taken this quiz